La forma construida : diez ensayos sobre edificios canónicos en Lima /

Detalles Bibliográficos
Autores principales: Fabbri García, Martín (Autor), Montestruque Bisso, Octavio (Autor)
Formato: Electrónico eBook
Lenguaje:español
Publicado: Lima, Perú : Editorial UPC, [2023]
Edición:Primera edición.
Materias:
Acceso en línea:Digitalia Hispánica

MARC

LEADER 00000nam a2200000 i 4500
001 DIGUPERCA0135
003 NyNyDIG
007 cr |||||||||||
008 240205s2023 pe a ob 000 0 spa d
006 m o d
035 |a (OCoLC)1422055236 
040 |a DGITA  |b eng  |e rda  |e pn  |c DGITA 
020 |a 9786123184834  |q eBook  |q pdf 
020 |a 9786123184827  |q eBook  |q ePub 
020 |z 9786123184810 
024 7 |a 10.19083/978-612-318-482-7  |2 doi 
043 |a s-pe--- 
050 1 4 |a NA917.L5 ebook 
100 1 |a Fabbri García, Martín,  |e author. 
245 1 3 |a La forma construida :  |b diez ensayos sobre edificios canónicos en Lima /  |c Martín Fabbri García y Octavio Montestruque Bisso. 
250 |a Primera edición. 
264 1 |a Lima, Perú :  |b Editorial UPC,  |c [2023] 
300 |a 1 online resource :  |b illustrations. 
336 |a text  |b txt  |2 rdacontent 
337 |a computer  |b c  |2 rdamedia 
338 |a online resource  |b cr  |2 rdacarrier 
347 |a text file  |2 rdaft 
347 |b PDF 
347 |b EPUB 
504 |a Includes bibliographical references. 
588 0 |a Online resource; title from ePub title page (Digitalia, viewed February 5, 2024) 
651 0 |a Lima (Peru)  |z Buildings, structures, etc. 
650 0 |a Architecture  |z Peru  |z Lima  |x History  |y 20th century. 
700 1 |a Montestruque Bisso, Octavio,  |e author. 
791 2 |a Digitalia (Firm),  |e distributor. 
793 0 |g Digitalia eBook Collection:  |a Universidad Peruana de Ciencias Aplicadas 
776 0 8 |i Print version:  |a Fabbri García, Martín.  |t Forma construida.  |b Primera edición.  |d Lima, Perú : Editorial UPC, [2023]  |z 9786123184810 
856 4 0 |3 Digitalia Hispánica  |u https://www.digitaliapublishing.com/a/130538/ 
910 |a Premium collection: 2024